000 00487nam a2200181Ia 4500
999 _c603
_d603
003 OSt
005 20210909100116.0
008 190216s9999||||xx |||||||||||||| ||und||
020 _a995343297
040 _coclc
082 _a892.7
_bALR/T
100 _aAl Rafi, Musthafa Sadiq
_98808
245 0 _aThareeq Adab Al Arab /
_cMusthafa Sadiq Al Rafi
260 _bSangam Books,
300 _a384p
650 _aArabic
942 _cBK
_2ddc
_h892.7
_iALR/T
_k892.7
_mALR/T